Top 10 de Paris-Roubaix depuis 2020 - Statistiques

Statistiques générales
  • Ce quiz a été pris 40 fois
  • Le résultat moyen est 31 sur 50
Statistiques - réponses
Année Classement Cycliste Team Nationalité % Correct
3 Mathieu Van Der Poel Alpecin-Fenix Pays-Bas
97%
9 Mathieu Van Der Poel Alpecin-Fenix Pays-Bas
97%
2023 1 Mathieu Van Der Poel Alpecin-Deceuninck Pays-Bas
97%
2024 1 Mathieu Van Der Poel Alpecin-Deceuninck Pays-Bas
97%
2025 1 Mathieu Van Der Poel Alpecin-Deceuninck Pays-Bas
97%
2 Tadej Pogacar UAE Team Emirates Slovénie
97%
7 Wout Van Aert Jumbo-Visma Belgique
97%
2 Wout Van Aert Jumbo-Visma Belgique
97%
3 Wout Van Aert Jumbo-Visma Belgique
97%
4 Wout Van Aert VIsma Lease a Bike Belgique
97%
4 Mads Pedersen Trek-Segafredo Danemark
91%
3 Mads Pedersen Lidl-Trek Danemark
91%
3 Mads Pedersen Lidl-Trek Danemark
91%
3 Stefan Kung Groupama-FDJ Suisse
86%
5 Stefan Kung Groupama-FDJ Suisse
86%
5 Stefan Kung Groupama-FDJ Suisse
86%
2 Jasper Philipsen Alpecin-Deceuninck Belgique
83%
2 Jasper Philipsen Alpecin-Deceuninck Belgique
83%
2022 1 Dylan Van Baarle Ineos Grenadiers Pays-Bas
77%
4 Nils Politt UAE Team Emirates Allemagne
77%
6 Christophe Laporte Cofidis France
74%
10 Christophe Laporte Jumbo-Visma France
74%
2021 1 Sonny Colbrelli Bahrain Victorious Italie
74%
5 Matej Mohoric Bahrain Victorious Slovénie
71%
6 Filippo Ganna Ineos Grenadiers Italie
60%
5 Yves Lampaert Deceuninck-Quick-Step Belgique
60%
10 Yves Lampaert Quick-Step Alpha Vinyl Belgique
60%
6 Adrien Petit Intermarché-Wanty Gobert France
54%
2 Florian Vermeersch Lotto-Soudal Belgique
54%
5 Florian Vermeersch UAE Team Emirates Belgique
54%
9 Fred Wright Bahrain Victorious Grande-Bretagne
54%
6 Gianni Vermeersch Alpecin-Deceuninck Belgique
54%
7 Jasper Stuyven Trek-Segafredo Belgique
54%
4 Gianni Moscon Ineos Grenadier Italie
49%
7 John Degenkolb Team DSM Allemagne
49%
7 Laurence Pithie Groupama-FDJ Nouvelle-Zélande
46%
9 Guillaum Boivin Israel Start-Up Nation Canada
34%
7 Stefan Bissegger Decathlon AG2R La Mondiale Suisse
34%
8 Jordi Meeus Bora-Hansgrohe Belgique
26%
10 Madis Mihkels Intermarché-Wanty Estonie
26%
8 Max Walscheid Cofidis Allemagne
26%
8 Laurent Pichon Arkéa Samsic France
23%
9 Laurenz Rex Intermarché-Circus-Wanty Belgique
23%
10 Laurenz Rex Intermarché-Wanty Belgique
23%
9 Soren Waerenskjold Uno-X Mobility Norvège
23%
10 Heinrich Haussler Bahrain Victorious Australie
20%
6 Jonas Rutsch Intermarché-Wanty Allemagne
20%
8 Markus Hoelgaard Uno-X Mobility Norvège
20%
8 Tom Van Asbroeck Israel Start-Up Nation Belgique
17%
4 Tom Devriendt Intermarché-Wanty Gobert Belgique
14%
Aucun quiz correspondant
Distribution des résultats
% des personnes avec chaque résultat
Percentile par nombre de réponses
Votre historique - résultats
Vous n’avez pas pris ce quiz